The fever code / (Registro nro. 3171)
[ vista simple ]
| 000 -LEADER | |
|---|---|
| fixed length control field | 01155cam a2200325 i 4500 |
| 001 - CONTROL NUMBER | |
| control field | 3171 |
| 003 - CONTROL NUMBER IDENTIFIER | |
| control field | Mx-PuUPA |
| 005 - DATE AND TIME OF LATEST TRANSACTION | |
| control field | 20250623125710.0 |
| 008 - FIXED-LENGTH DATA ELEMENTS--GENERAL INFORMATION | |
| fixed length control field | 140415s2016 nyua dr 000 0 eng d |
| 020 ## - INTERNATIONAL STANDARD BOOK NUMBER | |
| International Standard Book Number | 9780553513127 |
| Qualifying information | rústica |
| 040 ## - CATALOGING SOURCE | |
| Original cataloging agency | Mx-PuUPA |
| Language of cataloging | spa |
| Transcribing agency | Mx-PuUPA |
| Modifying agency | Mx-PuUPA |
| Description conventions | rda |
| 041 0# - LANGUAGE CODE | |
| Language code of text/sound track or separate title | eng |
| 100 1# - MAIN ENTRY--PERSONAL NAME | |
| Personal name | Dashner, James, |
| Dates associated with a name | 1972- |
| Relator term | autor |
| 9 (RLIN) | 15261 |
| 245 10 - TITLE STATEMENT | |
| Title | The fever code / |
| Statement of responsibility, etc. | James Dashner |
| 250 ## - EDITION STATEMENT | |
| Edition statement | First Ember edition |
| 264 #1 - PRODUCTION, PUBLICATION, DISTRIBUTION, MANUFACTURE, AND COPYRIGHT NOTICE | |
| Place of production, publication, distribution, manufacture | New York, NY : |
| Name of producer, publisher, distributor, manufacturer | Delacorte Press, |
| Date of production, publication, distribution, manufacture, or copyright notice | 2017 |
| 300 ## - PHYSICAL DESCRIPTION | |
| Extent | 346 páginas, 32 páginas sin numerar : |
| Other physical details | ilustraciones ; |
| Dimensions | 21 cm. |
| 336 ## - CONTENT TYPE | |
| Fuente | rdacontent |
| Content type term | texto |
| Content type code | txt |
| 337 ## - MEDIA TYPE | |
| Source | rdamedia |
| Media type term | sin medio |
| Media type code | n |
| 338 ## - CARRIER TYPE | |
| Source | rdacarrier |
| Carrier type term | volumen |
| Carrier type code | nc |
| 490 0# - SERIES STATEMENT | |
| Series statement | The Maze Runner Series ; |
| Volume/sequential designation | bk.5 |
| 650 #7 - SUBJECT ADDED ENTRY--TOPICAL TERM | |
| Source of heading or term | armarc |
| Topical term or geographic name entry element | Desastres naturales |
| General subdivision | Novela |
| 650 #7 - SUBJECT ADDED ENTRY--TOPICAL TERM | |
| Source of heading or term | armarc |
| Topical term or geographic name entry element | Supervivencia |
| General subdivision | Novela |
| 650 #7 - SUBJECT ADDED ENTRY--TOPICAL TERM | |
| Source of heading or term | armarc |
| Topical term or geographic name entry element | Laberintos |
| General subdivision | Novela |
| 650 #7 - SUBJECT ADDED ENTRY--TOPICAL TERM | |
| Source of heading or term | armarc |
| Topical term or geographic name entry element | Ciencia ficción |
| 780 0# - PRECEDING ENTRY | |
| Relationship information | Inicia en: |
| Main entry heading | Dashner, James, 1972- |
| Title | The maze runner. |
| Place, publisher, and date of publication | New York, NY : Delacorte Press, 2009 |
| Record control number | (Mx-PuUPA)57496 |
| International Standard Book Number | 9780385737951 |
| 942 ## - ADDED ENTRY ELEMENTS (KOHA) | |
| Source of classification or shelving scheme | Dewey Decimal Classification |
| Koha item type | Libro |
| Classification part | 813 |
| Item part | D22 |
| Withdrawn status | Lost status | Source of classification or shelving scheme | Damaged status | Not for loan | Collection code | Home library | Current library | Shelving location | Date acquired | Serial Enumeration / chronology | Total Checkouts | Full call number | Barcode | Date last seen | Price effective from | Koha item type |
|---|---|---|---|---|---|---|---|---|---|---|---|---|---|---|---|---|
| Dewey Decimal Classification | General | Angelópolis | Angelópolis | Sala general | 23/06/2025 | bk.5 | 813 D22 2017 | 965000000407 | 23/06/2025 | 23/06/2025 | Libro |